Hơamon Bahnar Giơlơng
Gespeichert in:
| Format: | Buch |
|---|---|
| Sprache: | Undetermined |
| Veröffentlicht: |
Hà Nội
Đại học Quốc gia Hà Nội
2010
|
| Schlagworte: | |
| Tags: |
Tag hinzufügen
Keine Tags, Fügen Sie den ersten Tag hinzu!
|
| Thư viện lưu trữ: | Trung tâm Học liệu Trường Đại học Cần Thơ |
|---|
| LEADER | 00563nam a2200169Ia 4500 | ||
|---|---|---|---|
| 001 | CTU_164030 | ||
| 008 | 210402s9999 xx 000 0 und d | ||
| 082 | |a 398.8597 | ||
| 082 | |b H679 | ||
| 245 | 0 | |a Hơamon Bahnar Giơlơng | |
| 245 | 0 | |c Hà Giao ( sưu tầm ) ; Hà Giao, Đinh Lưu ( biên dịch ) | |
| 260 | |a Hà Nội | ||
| 260 | |b Đại học Quốc gia Hà Nội | ||
| 260 | |c 2010 | ||
| 650 | |a Folk-song, Vietnamese,Ca dao, dân ca Việt Nam | ||
| 904 | |i HPTVi,Qhieu | ||
| 980 | |a Trung tâm Học liệu Trường Đại học Cần Thơ | ||